Statistics for Allies of China

Click here to take the quiz!

General Stats

  • This quiz has been taken 158 times
  • The average score is 8 of 13

Answer Stats

Answer% Correct
Asia/ EuropeRussia
100%
AsiaNorth Korea
90%
AsiaPakistan
79%
South AmericaBrazil
77%
AsiaIran
70%
South AmericaVenezuela
67%
AsiaIndia
64%
EuropeSerbia
61%
AfricaSouth Africa
61%
AsiaSyria
55%
AfricaAlgeria
46%
AsiaSri Lanka
38%
EuropeAlbania
37%

Score Distribution

Percentile by Number Answered

Percent of People with Each Score

Your Score History

You have not taken this quiz